LEADER 02067oas 2200781 a 450 001 9910692835003321 005 20251105213014.0 035 $a(OCoLC)39885210 035 $a(CONSER) 98644902 035 $a(CKB)5470000002357136 035 $a(EXLCZ)995470000002357136 100 $a19980917b19uu2004 sa a 101 0 $aeng 135 $auranu|||||||| 181 $ctxt$2rdacontent 182 $cc$2rdamedia 183 $acr$2rdacarrier 200 10$aInternational economic review /$fUnited States International Trade Commission, Office of Economics 210 $aWashington, DC $cU.S. International Trade Commission, Office of Economics 215 $a1 online resource 225 1 $aUSITC publication 410 0$aUSITC publication. 517 1 $aIER 606 $aInternational economic relations$vPeriodicals 606 $aEconomics$vPeriodicals 606 $aEconomics$2fast$3(OCoLC)fst00902116 606 $aInternational economic relations$2fast$3(OCoLC)fst00976891 608 $aInternet resource. 608 $aPeriodicals.$2fast 608 $aPeriodicals.$2lcgft 615 0$aInternational economic relations 615 0$aEconomics 615 7$aEconomics. 615 7$aInternational economic relations. 676 $a337.73 676 $a337 712 02$aUnited States International Trade Commission.$bOffice of Economics. 801 0$bDLC 801 1$bDLC 801 2$bAGL 801 2$bOCLCQ 801 2$bGPO 801 2$bOCLCQ 801 2$bGPO 801 2$bDLC 801 2$bOCLCQ 801 2$bOCLCO 801 2$bOCLCQ 801 2$bOCLCF 801 2$bOCLCO 801 2$bGPO 801 2$bCOO 801 2$bOCLCQ 801 2$bGILDS 801 2$bTJC 801 2$bVT2 801 2$bOCLCO 801 2$bOCLCQ 801 2$bOCLCE 801 2$bUTV 801 2$bOCLCQ 801 2$bSFB 801 2$bOCLCL 801 2$bOCLCQ 906 $aDOCUMENT 912 $a9910692835003321 996 $aInternational economic review$9793021 997 $aUNINA